000 01065cam a22003131i 4500
001 18059271
003 EG-ScBUE
005 20250522132447.0
008 140307t2014 sz a f b 001 0 eng d
020 _a9783319051994
040 _aEG-ScBUE
_beng
_erda
_cEG-ScBUE
_dEG-ScBUE
082 0 4 _222
_a533.2
_bBOS
100 1 _aBose, T. K.
_q(Tarit Kumar),-
_d1939-
_95881
_eauthor.
245 1 0 _aHigh temperature gas dynamics :
_ban introduction for physicists and engineers /
_cTarit K. Bose.
250 _aSecond edition.
264 1 _aSwizerland :
_bSpringer,
_c[2014]
264 4 _cc2014
300 _axvii, 518 pages :
_billustrations ;
_c24 cm
336 _2rdacontent
_atext
_btxt
337 _aunmediated
_2rdamedia
_bn
338 _avolume
_bnc
_2rdacarrier
504 _aIncludes bibliographical references and index.
650 7 _91976
_aGas dynamics.
_2BUEsh
650 7 _aGases at high temperatures.
_941039
_2BUEsh
650 7 _aHigh temperature plasmas.
_941040
_2BUEsh
653 _bENGPET
_cSeptember2016
655 _vReading book
942 _2ddc
_cBB
999 _c22314
_d22286